000 00487nam a22001337a 4500
082 _a510
_bKUM/P
100 _aKUMAR, ROMESH
245 _aPRADEEP'S NEW COURSE MATHEMATICS WITH VALUE BASED QUESTIONS -VOL.1-XI
246 _aPRADEEP'S NEW COURSE MATHEMATICS WITH VALUE BASED QUESTIONS -VOL.1-XI
_bPRADEEP'S NEW COURSE MATHEMATICS WITH VALUE BASED QUESTIONS -VOL.1-XI
260 _aJALANDHAR,INDIA
_bPRADEEP
_c2014
520 _aNEW COURSE MATHEMATICS
650 _a MATHEMATICS
942 _cBK
999 _c8556
_d8556